| 000 | 01057nam a2200265 a 4500 | ||
|---|---|---|---|
| 001 | BRCA_8974 | ||
| 003 | FranzMayer | ||
| 005 | 20230719130534.0 | ||
| 008 | 060717s1795----sp-#######---#000-0#lat-# | ||
| 040 | _cMFM | ||
| 041 | _alat | ||
| 044 | _asp | ||
| 084 |
_aCO91 _b.H46 1795 |
||
| 100 | 1 |
_aHenno, Francisci _921948 |
|
| 245 | 1 | 0 |
_aR.P. F. Francisci Henno Teologia dogm. Moral. et scholast in gratiam et juvamen studios ae juventutis franciscan ae F. F. Minor. Recollectorum _btomus IV: complectens tractalus de jure, et justitia, de statu religioso, ac de incarnatione. |
| 260 |
_aMatriti _bApud Benedictum cano _c1795 |
||
| 300 |
_aXII, 478 p. (t.4) _c21 x 16 cm |
||
| 500 | _aSuperiorum permissu | ||
| 500 | _aSs hallará en la librería de Quiroga, calle de la Concepción Gerónima | ||
| 500 | _aEstado físico: presenta encuadernación en pergamino con cantos decorados | ||
| 650 | 1 | 4 |
_aMoral cristiana _yObras anteriores a 1800 _921666 |
| 650 | 1 | 4 |
_aTeología dogmática _yObras anteriores a 1800 _921949 |
| 902 | _aCFM | ||
| 942 |
_2lcc _cB |
||
| 999 |
_c8625 _d8625 |
||